MARC

LEADER 00000nam0a2200000 4500
001 351590
005 20231102010423.0
035 |a (RuTPU)RU\TPU\retro\6721 
090 |a 351590 
100 |a 20190621d1959 k y0rusy50 ca 
101 0 |a rus 
102 |a RU 
105 |a y z 001zd 
200 1 |a Юридические произведения прогрессивных русских мыслителей. Вторая половина XVIII века  |f под ред. С. А. Покровского 
210 |a Москва  |c Госюриздат  |d 1959 
215 |a 638 с. 
320 |a Библиогр. в примеч. в конце ст. 
320 |a Указ. имен: с. 625-636 
600 1 |a Десницкий  |b С. Е.  |c российский просветитель  |c профессор права Московского университета  |f около 1740-1789  |g Сергей Ефимович  |2 stltpush  |3 (RuTPU)RU\TPU\pers\14652  |9 4871 
600 1 |a Третьяков  |b И. А.  |c российский ученый в области права, социологии, экономики  |f ?-1776  |g Иван Андреевич  |2 stltpush  |3 (RuTPU)RU\TPU\pers\15892  |9 5547 
600 1 |a Козельский  |b Я. П.  |c российский прсветитель  |c филооф  |f около 1728-около 1794  |g Яков Павлович  |2 stltpush  |3 (RuTPU)RU\TPU\pers\18779  |9 7029 
600 1 |a Радищев  |g Александр Николаевич  |b А. Н.  |c русский мыслитель  |c писатель  |f 1749-1802  |2 stltpush  |3 (RuTPU)RU\TPU\pers\1365 
606 1 |a Законодательство  |x Россия  |x История  |2 stltpush  |3 (RuTPU)RU\TPU\subj\11281 
610 1 |a юриспруденция 
610 1 |a право 
610 1 |a государство 
610 1 |a законоположения 
610 1 |a русские мыслители 
610 1 |a произведения 
610 1 |a 18 век 
686 |a Х2(2)5  |v LBC/SL-A  |2 rubbk 
702 1 |a Покровский  |b С. А.  |4 340 
801 1 |a RU  |b 63413507  |c 20190621 
801 2 |a RU  |b 63413507  |c 20190703  |g RCR 
942 |c BK